000 00422nam a2200145 i 4500
001 60709
003 ES-MaACL
007 t|
008 031105s1984 sp ||||1| spa d
100 1 _aEstévez Villaverde, Emilia.
_948171
245 1 0 _aBayona la Real y su Parador /
_cEmilia Estévez Villaverde.
260 _a[Pontevedra :
_bs.n.,
_c1984]
300 _a121 p. :
_bil. ;
_c22 cm.
852 _aES-MaACL
_jL-7312
_bR.107817
999 _c60709
_d60709